दर्भकथा. (Record no. 771254)

MARC details
000 -LEADER
fixed length control field 00467nam a2200181Ia 4500
008 - FIXED-LENGTH DATA ELEMENTS--GENERAL INFORMATION
fixed length control field 100921s9999 xx 000 0 und d
082 ## - DEWEY DECIMAL CLASSIFICATION NUMBER
Item number 22141
Classification number 891.463 थ 46
100 ## - MAIN ENTRY--PERSONAL NAME
Personal name दर्भ.
245 ## - TITLE STATEMENT
Title दर्भकथा.
260 ## - PUBLICATION, DISTRIBUTION, ETC. (IMPRINT)
Name of publisher, distributor, etc ---
Date of publication, distribution, etc 1946
300 ## - PHYSICAL DESCRIPTION
Extent 112
Other physical details ---
365 ## - TRADE PRICE
Price amount 0.5
520 ## - SUMMARY, ETC.
Summary, etc ललित-कथा.
630 ## - SUBJECT ADDED ENTRY--UNIFORM TITLE
Uniform title दर्भकथा.
650 ## - SUBJECT ADDED ENTRY--TOPICAL TERM
Topical term or geographic name as entry element ललित-कथा.
730 ## - ADDED ENTRY--UNIFORM TITLE
Uniform title दर्भकथा.
942 ## - ADDED ENTRY ELEMENTS (KOHA)
Koha item type Book
Holdings
Withdrawn status Lost status Damaged status Not for loan Home library Current library Shelving location Date acquired Cost, normal purchase price Total Checkouts Barcode Date last seen Price effective from Koha item type Public note
      Added to bundle Lo. Tilak Granthasangrahalaya, Wai Lo. Tilak Granthasangrahalaya, Wai     0.50   WAITILAKGS-22141 09/21/2010 09/21/2010 Book संदर्भ